|
|
|
|
| LEADER |
01315nem a2200337 a 4500 |
| 001 |
000590589 |
| 003 |
CZ BrMZK |
| 005 |
20071004093222.0 |
| 008 |
020318s2001 xr f cze d |
| 040 |
|
|
|a BOA001
|b cze
|
| 043 |
|
|
|a e-xr---
|b e-xr-jm
|2 czenas
|
| 072 |
|
7 |
|a 913(4)
|x Geografie Evropy, reálie, cestování
|2 Konspekt
|9 7
|
| 080 |
|
|
|a 628.112
|2 MRF
|
| 080 |
|
|
|a 913(437.322-17)
|2 MRF
|
| 080 |
|
|
|a 912.43
|2 MRF
|
| 080 |
|
|
|a (084.3)
|2 MRF
|
| 245 |
0 |
0 |
|a Studánky v lese T.G. Masaryka
|h [kartografický dokument] :
|b průvodce po studánkách v okolí Brna /
|c [autoři: Jana Drápalová ... et al.]
|
| 246 |
3 |
3 |
|a Studánky v Masarykově lese
|
| 250 |
|
|
|a 1. vyd.
|
| 255 |
|
|
|a 1:20 000
|
| 260 |
|
|
|a Brno :
|b Český svaz ochránců přírody,
|c 2001
|
| 300 |
|
|
|a 1 mapa :
|b barev. ;
|c 50 x 21 cm složená na 21 x 10 cm
|
| 500 |
|
|
|a Na rubu doprovodný text s kresbami
|
| 500 |
|
|
|a Název v tiráži: Studánky v Masarykově lese
|
| 650 |
0 |
7 |
|a studánky
|7 ph126168
|z Česko
|2 czenas
|
| 655 |
|
7 |
|a mapy
|7 fd132800
|2 czenas
|
| 651 |
|
7 |
|a Brno (Česko : severní oblast)
|7 ge314769
|2 czenas
|
| 700 |
1 |
|
|a Drápalová, Jana,
|d 1962-
|7 mzk2004148334
|4 aut
|
| 910 |
|
|
|a BOA001
|b Mp2-1100.907
|
| 990 |
|
|
|a MP
|
| 996 |
6 |
|
|b 2610158897
|c Mp2-1100.907
|l MZK
|r Sklad / do 1 hodiny
|n 6
|p p.v.
|w 000590589
|u 000010
|a 1
|e BOA001
|j MZK50
|s P
|